000 00963nam a22003137a 4500
001 BR2017000995
003 BR-BrBNA
005 20230928105100.0
007 ta
008 230509b bl.||||| |||| 00| 0 por d
040 _aBR-BrBNA
_bpor
_cBiblioteca Nacional de Agricultura
041 _a(Por)
072 _aF30
_b0716
090 _ 0716 BR2017000995
100 1 _aSouza, F.B.M. de
110 1 _aUniversidade Federal de Lavras, MG (Brasil)
_0Tese (Doutorado)
245 1 _aAdaptabilidade, estabilidade, fixação e raleio de frutos de pessegueiro em condições tropicais
260 3 _aLavras, MG (Brasil):
_c2016.
300 _a135 p.
500 _aSummaries (Eng, Por); Several bibliography;10 illus.; 8 tables
650 _aPESSÊGO
650 _aPRUNUS PERSIA
650 _aMELHORAMENTO GENÉTICO VEGETAL
650 _aCLIMA
650 _aGERMINAÇÃO
650 _aPOLINIZAÇÃO
909 _a202309
_bLucia
_c55
_dLucia Elande
942 _cBK
999 _c83321
_d83321